50 States, 50 Counties - Statistics

General Stats
  • This quiz has been taken 83 times
  • The average score is 31 of 50
Answer Stats
County State % Correct
CA Alameda California
91%
IA Dubuque Iowa
89%
WI Eau Claire Wisconsin
89%
GA Chattahoochee Georgia
87%
RI Providence Rhode Island
87%
HI Kauai Hawaii
83%
NM Taos New Mexico
81%
AZ Cochise Arizona
77%
MO Cape Girardeau Missouri
74%
MT Lewis and Clark Montana
74%
WA Snohomish Washington
74%
DE New Castle Delaware
72%
ME Penobscot Maine
72%
OH Defiance Ohio
72%
AL Tallapoosa Alabama
70%
NJ Hudson New Jersey
70%
SC Aiken South Carolina
70%
AK Chugach Alaska
68%
FL Collier Florida
68%
LA St. John the Baptist Louisiana
66%
IN Hendricks Indiana
62%
MA Dukes Massachusetts
62%
OR Wallowa Oregon
62%
NY Herkimer New York
60%
ID Lemhi Idaho
58%
KS Cloud Kansas
58%
IL Iroquois Illinois
57%
MN Otter Tail Minnesota
57%
UT Sanpete Utah
57%
NV Lander Nevada
55%
TX Real Texas
55%
VA Smyth Virginia
55%
MD Wicomico Maryland
53%
NE Gage Nebraska
53%
ND Dickey North Dakota
53%
PA Juniata Pennsylvania
53%
VT Windsor Vermont
53%
WV Greenbrier West Virginia
53%
MS Noxubee Mississippi
51%
OK McCurtain Oklahoma
51%
SD Ziebach South Dakota
51%
WY Sweetwater Wyoming
51%
AR Poinsett Arkansas
49%
CO Routt Colorado
49%
MI Roscommon Michigan
49%
NH Grafton New Hampshire
49%
TN Unicoi Tennessee
49%
KY Jessamine Kentucky
47%
NC Swain North Carolina
45%
CT Tolland Connecticut
43%
No matching quizzes found
Score Distribution
Percent of People with Each Score
Percentile by Number Answered
Your Score History
You have not taken this quiz